000
00252nam a2200097Ia 4500
001
934340
005
20250826215004.0
008
250824s9999 xx 000 0 und d
245
0
_a
CEMİL MERİÇİN DÜNYASI
_c
MUSTAFA ARMAĞAN
260
_b
KETEBE YAYINLARI
999
_c
934340
_d
934340